|
|
|
|
| LEADER |
01701cas a2200241 a 4500 |
| 001 |
AALejournalIMF020013 |
| 008 |
230101c9999 xx r poo 0 0eng d |
| 020 |
|
|
|c 5.00 USD
|
| 020 |
|
|
|z 9781498334884
|
| 022 |
|
|
|a 2663-3493
|
| 040 |
|
|
|a BD-DhAAL
|c BD-DhAAL
|
| 110 |
2 |
|
|a International Monetary Fund.
|
| 245 |
1 |
0 |
|a Review of Data Provision to the Fund for Surveillance Purposes :
|b Informational Annexes.
|
| 264 |
|
1 |
|a Washington, D.C. :
|b International Monetary Fund,
|c 2008.
|
| 300 |
|
|
|a 1 online resource (34 pages)
|
| 490 |
1 |
|
|a Policy Papers
|
| 500 |
|
|
|a <strong>Off-Campus Access:</strong> No User ID or Password Required
|
| 500 |
|
|
|a <strong>On-Campus Access:</strong> No User ID or Password Required
|
| 506 |
|
|
|a Electronic access restricted to authorized BRAC University faculty, staff and students
|
| 520 |
3 |
|
|a Informational Annexes: I. Article VIII, Section 5. Furnishing of Information II. Table of Common Indicators Required for Surveillance III. Data Provision Trends and Implications of the 2004 Decision IV. Sample Selection for In-Depth Analysis of Treatment of Data Issues in Staff Reports V. Survey of Data Provision to the Fund for Surveillance for Fund Mission Chiefs VI. Recommended Methodologies for Data Provision VII. Other Ongoing Data Initiatives VIII. Security and Reporting Procedures for the Currency Composition of Official Foreign Exchange Reserves (COFER) Database IX. Recent Data Improvements Through the Standardized Report Forms (SRFs).
|
| 538 |
|
|
|a Mode of access: Internet
|
| 830 |
|
0 |
|a Policy Papers; Policy Paper ;
|v No. 2008/017
|
| 856 |
4 |
0 |
|z Full text available on IMF
|u http://elibrary.imf.org/view/journals/007/2008/017/007.2008.issue-017-en.xml
|z IMF e-Library
|